Catálogo
 En Linea

El capitalismo periferico / (Registro nro. 22936)

Detalles MARC
000 -CABECERA
campo de control de longitud fija 00722nam a2200229 a 4500
001 - NÚMERO DE CONTROL
campo de control 000023440
005 - FECHA Y HORA DE LA ÚLTIMA TRANSACCIÓN
campo de control 20240404204714.0
008 - DATOS DE LONGITUD FIJA--INFORMACIÓN GENERAL
campo de control de longitud fija 101207s1974 mx r 000 0 spa d
040 ## - FUENTE DE LA CATALOGACIÓN
Centro catalogador/agencia de origen DO-SdBNP
Lengua de catalogación spa
Centro/agencia transcriptor BNPHU
082 ## - NÚMERO DE LA CLASIFICACIÓN DECIMAL DEWEY
Número de clasificación 330.122
Número de documento/Ítem A517c
100 1# - ENTRADA PRINCIPAL--NOMBRE DE PERSONA
Nombre de persona Amin, Samir
9 (RLIN) 48299
240 10 - TÍTULO UNIFORME
Título uniforme Le dévelopment inegal
Lenguaje de la obra español
245 13 - MENCIÓN DE TÍTULO
Título El capitalismo periferico /
Mención de responsabilidad, etc. Samir Amin ; traducción de Gerardo Dávila.
260 ## - PUBLICACIÓN, DISTRIBUCIÓN, ETC.
Lugar de publicación, distribución, etc. México :
Nombre del editor, distribuidor, etc. Nuestro Tiempo,
Fecha de publicación, distribución, etc. 1974.
300 ## - DESCRIPCIÓN FÍSICA
Extensión 259 p . ;
Dimensiones 18 cm.
490 1# - MENCIÓN DE SERIE
Mención de serie Desarrollo
500 ## - NOTA GENERAL
Nota general Incluye bibliografía
650 #0 - PUNTO DE ACCESO ADICIONAL DE MATERIA--TÉRMINO DE MATERIA
Término de materia o nombre geográfico como elemento de entrada Capitalismo
9 (RLIN) 280
650 #4 - PUNTO DE ACCESO ADICIONAL DE MATERIA--TÉRMINO DE MATERIA
Término de materia o nombre geográfico como elemento de entrada Capitalismo
Subdivisión general Aspectos sociales
9 (RLIN) 48300
700 1# - PUNTO DE ACCESO ADICIONAL--NOMBRE DE PERSONA
Nombre de persona Dávila, Gerardo
Término indicativo de función/relación traductor
9 (RLIN) 48301
830 #0 - PUNTO DE ACCESO ADICIONAL DE SERIE-TÍTULO UNIFORME
Título uniforme Desarrollo
9 (RLIN) 48302
Existencias
Estado de retiro Estado de pérdida Restricciones de uso No para préstamo Código de colección Localización permanente Ubicación/localización actual Ubicación en estantería Fecha de adquisición Número de inventario Total de préstamos Signatura topográfica completa Código de barras Fecha visto por última vez Precio válido a partir de Tipo de ítem Koha Número de copia
      Excluido de préstamo Monografías: Libros y Folletos General General Depósito 07.12.2010 LF1   330.122 A517c 23440-10 25.06.2020 25.06.2020 No se presta  
  Extraviado   Excluido de préstamo Monografías: Libros y Folletos General General Extraviado 26.05.2017 LF1   330.122 A517c 23440-20 25.06.2020 25.06.2020 No se presta e. 2

Con tecnología Koha